Banking and insurance principles and Practices (Record no. 5540)

MARC details
000 -LEADER
fixed length control field 00359nam a2200145Ia 4500
008 - FIXED-LENGTH DATA ELEMENTS--GENERAL INFORMATION
fixed length control field 191201s2011 xx 000 0 und d
082 ## - DEWEY DECIMAL CLASSIFICATION NUMBER
Classification number 332.1
Item number GUB
100 ## - MAIN ENTRY--PERSONAL NAME
Personal name GULATI,Neelam C
245 #0 - TITLE STATEMENT
Title Banking and insurance principles and Practices
250 ## - EDITION STATEMENT
Edition statement 1st
260 ## - PUBLICATION, DISTRIBUTION, ETC. (IMPRINT)
Place of publication, distribution, etc N. delhi
Name of publisher, distributor, etc Excel Books
Date of publication, distribution, etc 2011
300 ## - PHYSICAL DESCRIPTION
Extent 632
650 ## - SUBJECT ADDED ENTRY--TOPICAL TERM
Topical term or geographic name as entry element BBA
942 ## - ADDED ENTRY ELEMENTS (KOHA)
Source of classification or shelving scheme Dewey Decimal Classification
Koha item type Text Books
942 ## - ADDED ENTRY ELEMENTS (KOHA)
-- 1
Holdings
Withdrawn status Lost status Source of classification or shelving scheme Damaged status Not for loan Collection code Home library Current library Date acquired Source of acquisition Cost, normal purchase price Bill Number Total Checkouts Full call number Acc. no. / Barcode Date last seen Date last borrowed Bill Date Koha item type Public note
    Dewey Decimal Classification     BBA PIET C-LIBRARY PIET C-LIBRARY 26/02/2013 IBH, New Delhi 425.00 22792 2 332.1 GUB 21310 09/04/2026 02/04/2026 21/02/2013 Text Books  
    Dewey Decimal Classification     BBA PIET C-LIBRARY PIET C-LIBRARY 26/02/2013 IBH, New Delhi 425.00 22792 2 332.1 GUB 21311 18/07/2024 17/07/2024 21/02/2013 Text Books .
    Dewey Decimal Classification     BBA PIET C-LIBRARY PIET C-LIBRARY 26/02/2013 IBH, New Delhi 425.00 22792 1 332.1 GUB 21312 05/03/2025 25/02/2025 21/02/2013 Text Books  
    Dewey Decimal Classification     BBA PIET C-LIBRARY PIET C-LIBRARY 26/02/2013 IBH, New Delhi 425.00 22792 2 332.1 GUB 21313 23/03/2026 09/03/2026 21/02/2013 Text Books  
    Dewey Decimal Classification     BBA PIET C-LIBRARY PIET C-LIBRARY 26/02/2013 IBH, New Delhi 425.00 22792   332.1 GUB 21314 04/12/2019   21/02/2013 Text Books  

Design & Developed by: PIET Central Library
R70 Miles Stone Pattikalyana Samalkha Panipat 132102
mail ID :- [email protected], Phone No:- 0180-2569700 Ex.216